000 00765nam a2200241Ia 4500
005 20250117104439.0
008 008 250103s9999 xx 000 0 eng d
020 _a9781009100502
037 _aTextbook
040 _aCSL
_beng
_cCSL
041 _aeng
_2eng
084 _aCN1 R3 Carpa
_qCSL
100 _aLarkoski, Andrew J
245 0 _aQuantum mechanics: A mathematical introduction
_cLarkoski, Andrew J
260 _aShaftesbury road cambridge
_bCambridge University Press United kingdom
_c2023
300 _axvi.380p. ill.
650 _a he hydrogrn atom
_9734665
650 _a Hilbert space
_9265455
650 _a The path Intergal
_9734666
650 _aPhysics
942 _cTB
_hCN1 R3 Carpa
999 _c1238113
_d1238113